Responses for show #3176 - Monday, May 25, 1998

Contestants

Jim Riffle, a waiter from Las Vegas, Nevada

Eileen Quinlan, a graduate student and member of The Order of the Sisters of Notre Dame from Chicago, Illinois

Louis Cohen, a language teacher from Waterford, Connecticut (whose 3-day cash winnings total $48,203)

Jeopardy! Round responses

HAIL TO THE CHIEF
MEAT & POTATOES
LITERARY EPICS
SPENCERS FOR HIRE
WIRED FOR CABLE
APOSTROPHE EQUALS...?
(Alex: The apostrophe will equal a missing letter or letters.)
    $100 1
Jimmy Carter

Eileen
    $100 12
Mr. Potato Head

Jim
    $100 2
Dante

Louis
    $100 11
Charlie Chaplin

Louis
    $100 25
Home Box Office

Louis
    $100 13
O

Jim
    $200 3
Lincoln

Louis
    $200 18
Irish potato famine

Louis
    $200 7
The Idylls of the King

Louis
    $200 14
Smithsonian

Jim
    $200 26
MTV

Louis
    $200 16
G

Jim
    $300 4
FDR

Louis
    $300 19
potato chips

Jim
    $300 8
Beowulf

Jim
    $300 15
Spencer Tracy

Louis
    $500 27
(Louis: What is Showtime?)

Comedy Central

Louis
    $300 22
HA

Louis
    $400 5
Eisenhower

Louis
    $400 20
(Jim: What is Adam?)

Noah

EileenJim
    $400 9
golden fleece

Jim
    $400 17
(Eileen: Who is Fleetwood Mac?)

The Spencer Davis Group

Eileen
Triple Stumper
    $400 28
James Earl Jones

Louis
    $400 23
V

Louis
    $500 6
Theodore Roosevelt

Louis
    $500 21
(Louis: What is prime rib?)

porterhouse

Louis
Triple Stumper
    $500 10
Gilgamesh

Eileen
    $500 30
Michigan

Jim
    $500 29
Arts & Entertainment

Jim
    $500 24
BE

Louis

Scores at the first commercial break (after clue 15):

Louis Eileen Jim
$2,100 $600 $1,100

Scores at the end of the Jeopardy! Round:

Louis Eileen Jim
$3,200 $600 $2,200

Double Jeopardy! Round responses

THE WESTERN HEMISPHERE
BIBLICAL HOTTIES
THE FUNNIES
THE NAME'S THE SAME
ON THE ROAD
HEARD IN THE '80s
    $200 1
(Jim: What is Belmopan?)
(Louis: What is Britain?)

Queen Elizabeth II

LouisJim
Triple Stumper
    $200 3
burning bush

Louis
    $200 11
Popeye (the Sailor Man)

Jim
    $200 22
Paul Simon

Jim
    $200 12
Constitution Avenue

Louis
    $200 17
make my day

Jim
    $400 2
Nicaragua

Jim
    $400 7
Sodom

Jim
    $400 27
Calvin & Hobbes

Eileen
    $400 23
John Smith

Louis
    $400 13
(Depeche Mode singing: "It winds from Chicago to LA.")

Route 66

Eileen
    $400 18
["You might think I'm foolish..."]

The Cars

Jim
    $600 4
(Alex: Watch the monitor please.)

Panama

Louis
    $600 8
(Jim: What's the oven of King Nebuchadnezzar?)
...
(Alex: It's always referred to as the [*]. I don't think Amana would think too kindly about this.)

fiery furnace

EileenJim
    $600 28
(Jim: What is Dick Tracy's secretary?)

newspaper reporter

EileenJim
    $600 24
["Don't you wonder what we'll find stepping out tonight?"]

Joe Jackson

Eileen
    $600 14
Las Vegas Boulevard

Jim
    $600 19
Gorbachev

Jim
    $800 5
Grand Cayman Island

Jim
    $800 9
(Alex: Yes, the chariot of fire or [*].)

fiery chariot

Jim
    $800 29
(Louis: What is a crocodile?)

camel

Louis
Triple Stumper
    $800 25
Elizabeth Taylor

Triple Stumper
    $1,400 15
[The video showed a "Madison Av" sign and Tom Hanks walking with Daryl Hannah.]
(Jim: What is Big?)

Splash

Jim
    $800 20
duck

Jim
    $1000 6
Honduras

Louis
    $1000 10
Pentecost

Eileen
    $1000 26
Vanessa Williams

Triple Stumper
    $1000 16
Champs Elysees

Jim
    $800 21
(Jim: Who is James Kirk?)

Dan Rather

Jim

Scores at the end of the Double Jeopardy! Round:

Louis Eileen Jim
$4,600 $4,200 $5,000

[wagering suggestions for these scores]

Final Jeopardy! Round responses

OPERA ANAGRAMS
EileenWho is Norma?
$4,200
LouisWho is Gula?
$3,801
JimWho is Norma
$4,300
Norma

Final scores:

Louis Eileen Jim
$799 $8,400 $9,300
3rd place: Meade 395 model telescope 2nd place: Hawaii trip at Hyatt Regency Waikiki on Hawaiian Airlines New champion: $9,300

Game dynamics:

Coryat scores:

Louis Eileen Jim
$5,100 $4,200 $7,200
20 R,
4 W
(including 1 DD)
9 R,
1 W
21 R,
6 W
(including 2 DDs)

Combined Coryat: $16,500

The J! Archive is created by fans, for fans. The Jeopardy! game show and all elements thereof, including but not limited to copyright and trademark thereto, are the property of Jeopardy Productions, Inc. and are protected under law. This website is not affiliated with, sponsored by, or operated by Jeopardy Productions, Inc. Join the discussion at JBoard.tv.